Quizzes
Events
Quiz Creation
Community
Videos
Private Events
Remove Ads
Sign In
Join for FREE
Feedback
Dark Mode
Quiz Categories
Sports
Geography
Music
Movies
Television
Just For Fun
Miscellaneous
History
Literature
Language
Science
Gaming
Entertainment
Religion
Holiday
For Kids
Quiz Lab
Recent
Popular Today
Quiz Kudos Today
Editor Picks
Curator Picks
Quizzes by...
Day
Popularity
Type
Ratings
Length
Year
Community
Subscriptions
Recent Discussions
Orange Saloon
Badges
Playlists
Quests
Create
Leaderboards
Showdown
Live 5
Trivia Bingo
Activity
Puzzle Library
Sporcle Events
Private Events
Virtual Trivia
Globe League
Become a Host
Pub Owners
SporcleCon
Opinionation
Our Games
Videos
Blog
Mobile Apps
Partnerships
Remove Ads and Go Orange
Feedback
Science
Computer
Plants
Astronomy
Chemistry
Elements
Math
Animal
Physics
Anatomy
Biology
Geology
General Science
Science
Computer
Plants
Astronomy
Chemistry
Elements
Math
Animal
Physics
Anatomy
Biology
Geology
General Science
Random Quiz
Search Sporcle
×
Quiz Lab
Quiz Lab
Science
Biology
Type in answers that appear in a list
Type in answers that appear in a list
Classic
Best Score? Go Orange.
Glycolysis review Stats
Do you know the importance of Glycolysis?
By
kupfernick
10m
20 Questions
114 Plays
114 Plays
114 Plays
Comments
Comments
Give Quiz Kudos
Give Quiz Kudos
-
- Ratings
hide this ad
More Info
Forced Order
Answers have to be entered in order
Answers have to be entered in order
Replay
Link that replays current quiz
Next Quiz
Link to next quiz in quiz playlist
You Got
0%
They Got
Avg Score
72%
Avg Friend Score
Upgrade to see
Score Distribution
Jump to the score distribution portion of the page
Score
0/20
Timer
10:00
0
Plays Today
Hint
Answer
% Correct
# of carbons
6
96.5%
starting substrate
Glucose
90.3%
Type ATP
Metabolic Pathway!
81.4%
uses one ATP, type ATP
G6P
75.2%
# of carbons
3 each
75.2%
step 2, type ATP
F6P
73.5%
makes how many G3P?
2
73.5%
How many NADH per glucose?
2 per glucose
72.6%
# ATP made per glucose
two per glucose
70.8%
makes NADH, type NADH
1,3 GBP
69.9%
Hint
Answer
% Correct
# ATP made per glucose?
two per glucose
69.9%
# of carbons
3
69.9%
total ATP made per glucose
2
69.9%
uses one ATP, type ATP
F 1,6BP
69%
steps 4 and 5, type ATP
DHAP,G3P
68.1%
makes ATP, type ATP
3PG
67.3%
step 9, type ATP
PEP
67.3%
step 8, type ATP
2PG
66.4%
final product
pyruvate
66.4%
step 10, type ATP
makes ATP
65.5%
Quiz Playlist
Details
Report
Send in Message
Add To Playlist
More Info:
Type ATP to start
Classic:
Type in answers that appear in a list
Forced Order:
Answers have to be entered in order
Last Updated: Feb 16, 2017
Quiz Scoreboard
CHALLENGE
Sign Up to Join the Scoreboard
Show All
Scores
Hide
Comments
May contain spoilers
Recently Published
Billboard Blitz: Fleetwood Mac
by CooCooCachoo
Music
15s
Presidents Visiting Landmarks
by Hejman
History
7m
An Introduction to Baseball
by treessimontrees
Sports
5m
More to Explore
Quiz From the Vault
Featured Blog Post
Where Did the Easter Bunny Come From?
hide this ad
You Might Also Like...
Tags
Biology Quiz
Glycolysis
Glycolysis Steps
Microbiology
Today's Top Quizzes in Science
Browse Science
hide this ad
Today's Top Quizzes in Biology
Browse Biology
Top Contributed Quizzes in Science
1
Quick Pick: Radians
2
Quick Pick: 'CI-CJ' Animals
3
The First 100 Digits of Pi
4
Elements In Images
5
Name the Acid, Base or Salt
6
One Thing in Common: Science
7
Science Jokes
8
One Thing in Common: Science III
9
One Thing in Common: Animals
10
One Thing in Common: Science II
Explore More
Trending Topics
Disney
NBA
Kpop
Marvel
Harry Potter
Anime
Crossword
NFL
The Office
Song
Country
Soccer
WWE
Puzzle
Pokémon
hide this ad
More By:
kupfernick
Quiz
Plays
Rating
Category
Featured
Created
City and State-named Ships at Pearl Harbor
2,629
4.38
History
Nov 12, 2012
eukaryote or prokaryote
1,923
4.00
Science
Sep 13, 2014
400 HR, .300 BA
1,147
2.78
Sports
Jun 18, 2011
Introduction to Microbiology Matching Game
1,030
Science
Sep 6, 2014
five things for each metabolic pathway
784
Science
Oct 6, 2014
Go to Creator's Profile
Score Distribution
Quiz Creator Spotlight
kupfernick
Follow
Send a Message
Quizzes Created
-
Created Quiz Play Count
-
More By This Creator
Popular Quizzes Today
1
Find the US States - No Outlines Minefield
2
Find the Countries of Europe - No Outlines Minefield
3
The Countries of the World
4
Find the US States
5
Risky Map Clicking: Biggest States A-Z
6
US States
7
Popular People in 1961
8
Movies - When Are They Set?
More Science Quizzes
Biopics Match-Up: Science
Curator's Pick
Trending Quizzes
Risky Map Clicking: Least Populous States A-Z
1-10 Letter G Words
1-10 Letter F Words
Risky Map Clicking: Next State Alphabetically
Risky Map Clicking: Biggest States A-Z
Recently Updated
Leaping Animals
pecheneg
Reality TV Shows (A-Z)
bhenderson79
Rickey Henderson's Hall of Fame Teammates
pecheneg
Champions League XIs: Arsenal
pecheneg
Quick Pick: Celebrities in WWE's Hall of Fame
aduchscher
A-Z Keypad Blitz II
pecheneg
Multiple Oscar Actors
pecheneg
Mystery Phrase Blitz: Oscar 'Best Actors'
pecheneg
F. Scott Fitzgerald Novels
LTH
Pick 3 Villains
ddd62291
Trending Topics
Anime
NBA
Marvel
Disney
Harry Potter
Kpop
Crossword
Puzzle
Pokémon
NFL
Soccer
WWE
Song
Country
The Office
Your Account Isn't Verified!
In order to create a playlist on Sporcle, you need to verify the email address you used during registration. Go to your
Sporcle Settings
to finish the process.
Report this User
Report this user for behavior that violates our
Community Guidelines
.
Details:
Send Report
Go to the Sporcle.com Mobile Site →
Comments